| 000 | 00416nam a22001577a 4500 | ||
|---|---|---|---|
| 005 | 20260305151916.0 | ||
| 008 | 260112b |||||||| |||| 00| 0 eng d | ||
| 020 | _a978-81-203-5156-1 | ||
| 100 | _aSEGUIN, DENISE | ||
| 245 |
_aCOMPUTER _bCONCEPTS AND MICROSOFT OFFICE 2013 |
||
| 260 |
_aDELHI _bPHI LEARNING _c2015 |
||
| 300 | _aXXIV, 490P. | ||
| 500 | _aINCLUDES INDEX | ||
| 650 | _aCOMPUTERS | ||
| 942 |
_2lcc _cBK |
||
| 999 |
_c216449 _d216449 |
||